Parasites and Microorganisms - Statistics

General Stats
  • This quiz has been taken 59 times
  • The average score is 5 of 11
Answer Stats
Picture Answer % Correct
Coronavirus
83%
House Flea
70%
Tapeworm
63%
Head Louse
54%
Influenza
54%
Ebola
43%
HIV
41%
Common Cold
22%
Rabies
15%
Herpes
11%
Sickle Cell
7%
No matching quizzes found
Score Distribution
Percent of People with Each Score
Percentile by Number Answered
Your Score History
You have not taken this quiz